000 01034njm a22002537a 4500
005 2010090809129.0
006 a|||||r|||||00| 0
007 sd ammalaaahaa
008 100908t xxu||||| |||| 00| 0 eng d
028 _aN.54694
_bHis Master's Voice
035 _aGR-01344
040 _aSED
_cSED
100 _917690
_aMukesh
245 _aMain Hoon Alladin /
_csung by Mukesh [and] Usha Khanna; music by Usha Khanna; lyric by Javed Anwar
_h[Sound Recording] :
246 _aमैं हूँ अल्लादीन /
260 _aDum Dum India
_bHis Master's Voice
300 _a1 sound disc (Gramophone Recording)
_banalog, 33 1/3 rpm
_c9.5 in. (MP)
_fGramophone Record
500 _aBrief Record
505 _aSide-1 मैं हूँ अल्लादीन (Main Hoon Alladin) (Mukesh) -- Side-2 हव्वा आजीजा (Hawwa Aajeejaa) (Usha Khanna)
650 _aMotion Picture Music
_xExcerpts
_zIndia
_917691
700 _aKhanna, Usha
_918844
700 _aAnwar, Javed
_918845
942 _2ddc
_cGR
999 _c44493
_d44493